000 00458nam a2200193Ia 4500
008 170918s9999 xx 000 0 und d
020 _a9780545004978
050 _bB112 2007
100 _aBabbitt, Natalie
245 _aJack Plank tells tales /
245 _cNatalie Babbitt.
260 _aNew York :
260 _bScholastic,
260 _c2007
300 _a128 pages :
300 _bcolored illustration ;
300 _c19cm.
500 _a860
999 _c342066
_d342066